[Event "401 Stay Safe Play From Home series"]
[Site "Emanuel Lasker Arena"]
[Date "2020.08.21"]
[Round "6"]
[White "MihailoVujic"]
[Black "IceQueen"]
[Result "1-0"]
[WhiteElo "2272"]
[BlackElo "2439"]
[Annotator "TA"]
[PlyCount "55"]
[EventDate "2020.08.21"]
[EventType "swiss (blitz)"]

{[%evp 12,54,26,12,18,16,72,82,91,81,80,11,7,17,82,4,54,6,5,18,8,0,0,0,0,-31,-27,-11,63,-49,0,-10,73,50,65,54,52,40,57,-54,-47,-84,0,0,29999]} 1. e4 d6 2. d4 Nf6 3. Nc3 g6 4. Bg5 Bg7 5. e5 Nfd7 6. exd6 cxd6 7. Nf3 Nc6 {B07: Pirc Defence: Miscellaneous Systems.} 8. Qd2 Nb6 (8... O-O $11 {remains equal.}) 9. Bh6 $16 {[#]} Bxh6 $146 {White is better.} ({Predecessor:} 9... O-O 10. Bxg7 Kxg7 11. d5 Ne5 12. Nxe5 dxe5 13. O-O-O Bd7 14. h4 f6 15. f3 Rc8 {0-1 (34) Lee,Q (2297)-Ang,A (2118) Adelaide 2018}) 10. Qxh6 Bg4 11. O-O-O ({White should play} 11. d5 $16 {Strongly threatening Qg7.} Bxf3 12. gxf3) 11... Bxf3 $1 $11 12. gxf3 Qc7 (12... d5 $1 $11) 13. h4 (13. d5 $16 Ne5 14. Bb5+ Ned7 15. Rhe1) 13... O-O-O 14. h5 {And now hxg6 would win.} Kb8 15. hxg6 fxg6 16. Qe3 e5 17. dxe5 dxe5 18. Bb5 Nd4 {Hoping for ...Nd5.} 19. Bd3 Rc8 {[#]} (19... Rhf8 $11) 20. Rhe1 ({Better is} 20. f4 $1 $14 {[%mdl 512]}) 20... Rhe8 (20... Na4 $5 21. Qxe5 (21. Nxa4 $2 Nxc2 {[%mdl 64] Double Attack} 22. Qxe5 Nxe1+ {[%mdl 64] Discovered Attack} 23. Qxc7+ Rxc7+ 24. Nc3 Nxf3 $19) 21... Nxc3 22. Qxc7+ Rxc7 23. bxc3 Nxf3 $15) 21. f4 {[%cal Rf4e5] [#]} Nc6 (21... Na4 $1 $11 {[%mdl 512]} 22. Be4 (22. Nxa4 $2 Nxc2 {[%mdl 64] Double Attack} 23. Qc5 Nxe1 $19) 22... Nxc3 23. Qxc3 Qxc3 24. bxc3 Nb5) 22. f5 gxf5 23. Bxf5 Rcd8 24. Be4 Nd4 25. Bg2 (25. Bd3 $14) 25... Nc4 $15 26. Qe4 {[#]} Qb6 (26... Rc8 $1 $17 {White must now prevent ...Nxb2!} 27. Rh1 {[#]} h5 $1 {[%mdl 512]} 28. Rxh5 Qb6) 27. b3 $11 Qa5 $2 {[%mdl 8192]} (27... Nd6 $11 28. Qxh7 Rc8) 28. Qxb7# {Accuracy: White = 55%, Black = 46%.} 1-0

[Event "401 Stay Safe Play From Home series"]
[Site "Emanuel Lasker Arena"]
[Date "2020.08.21"]
[Round "6"]
[White "Lamborghini"]
[Black "NTBT_DHS"]
[Result "0-1"]
[WhiteElo "2266"]
[BlackElo "2491"]
[Annotator "TA"]
[PlyCount "78"]
[EventDate "2020.08.21"]
[EventType "swiss (blitz)"]

{[%evp 9,77,10,60,72,70,23,74,62,91,79,98,36,40,25,206,58,66,13,24,9,83,44,45,28,101,44,60,52,60,52,103,83,172,2,64,72,150,99,101,21,98,25,104,96,98,62,126,105,757,783,797,763,872,60,333,320,531,535,535,-2048,-1926,-29976,-3562,-29990,-29988,-29988,-29989,-29989,-29990,-29999]} 1. e4 g6 2. d4 Bg7 3. Nc3 d6 4. Be3 Nd7 {[#]} 5. Qf3 $146 ({Predecessor:} 5. Nf3 a6 6. Bc4 e6 7. a4 Ne7 8. a5 O-O 9. Qd2 Nf6 10. Bd3 Ng4 11. Bg5 h6 12. Bh4 g5 13. h3 Ne5 14. dxe5 gxh4 15. exd6 cxd6 16. Nxh4 {1-0 (49) Hovhannisyan,R (2637)-Saric,I (2695) St Petersburg 2018}) 5... e6 6. O-O-O {B06: Modern Defence.} a6 7. g4 h6 (7... b5 $1 $11) 8. h4 {White is better.} Rb8 9. Qg3 b5 10. f4 (10. a3 $16) 10... Bb7 11. Bg2 $1 Ngf6 $2 (11... b4 $11 12. Nb1 Ngf6) 12. g5 ({Only move:} 12. e5 $18) 12... Nh5 13. Qg4 (13. Qf2 $1 $14) 13... Qe7 14. Nge2 c5 (14... Nb6 $11) 15. dxc5 Nxc5 16. e5 d5 (16... dxe5 $11 {remains equal.} 17. Bxb7 Nxb7) 17. gxh6 (17. Nd4 $16) 17... Bxh6 $14 18. Nd4 b4 19. Nce2 Rc8 (19... a5 $14) 20. Kb1 a5 (20... Ne4 $16 {was worth a try.}) 21. Rd2 $2 (21. Nb5 $18 {Threatens to win with Nd6+.} Kf8 22. Nd6) 21... a4 (21... Bf8 $11) 22. Nb5 {[#] Black must now prevent Nd6+.} Kf8 (22... O-O $142) 23. Nd6 $16 Rc7 24. Nxb7 ({White should play} 24. c4 $16) 24... Rxb7 (24... Nxb7 $11 25. b3 Nc5) 25. Nd4 ({White should try} 25. Ng3 $16) 25... b3 (25... Nd7 $11 {keeps the balance.}) 26. cxb3 axb3 27. a3 ({Stronger than} 27. Nc6 bxa2+ 28. Kxa2 Qc7 $15) 27... Qd7 (27... Rc7 $14) 28. Rc1 $36 {[%mdl 2048] Keeping Black busy.} Ne4 $2 {[%mdl 8192]} (28... Rc7 $16) 29. Bxe4 $1 $18 dxe4 30. Nc6 Qc7 31. Qg2 $2 (31. Nd8 $18 Qxc1+ 32. Kxc1) 31... Kg7 $2 {[%mdl 8192]} (31... Nxf4 $14 32. Qxe4 Nd5 33. Bxh6+ Rxh6) 32. Qxe4 {And now Nd8 would win.} Rc8 $2 (32... Qc8 {was called for.} 33. Ne7 Qxc1+ 34. Kxc1 Rxe7) 33. Rd6 Ng3 34. Bd4 $4 {[%mdl 8192]} (34. Qf3 $18) 34... Nxe4 $19 35. f5 exf5 36. e6+ f6 {Black mates.} 37. Rd7+ {[#]} Qxd7 $1 38. exd7 Rxd7 39. Ne7 Rxc1# {Black used his chance. Accuracy: White = 44%, Black = 27%.} 0-1

[Event "401 Stay Safe Play From Home series"]
[Site "Emanuel Lasker Arena"]
[Date "2020.08.21"]
[Round "6"]
[White "Schachwerk_64"]
[Black "Ao017545"]
[Result "0-1"]
[WhiteElo "1934"]
[BlackElo "1619"]
[Annotator "NA RC"]
[PlyCount "66"]
[EventDate "2020.08.21"]
[EventType "swiss (blitz)"]

1. g3 {[%emt 0:00:01]} e5 {[%emt 0:00:00]} 2. Bg2 {[%emt 0:00:00]} Nf6 {[%emt 0:00:00]} 3. d3 {[%emt 0:00:02]} Bc5 {[%emt 0:00:01]} 4. Nd2 {[%emt 0:00:00]} Ng4 {[%emt 0:00:01]} 5. e3 {[%emt 0:00:01]} d6 {[%emt 0:00:03]} 6. h3 {[%emt 0:00:01]} Nf6 {[%emt 0:00:07]} 7. Ne2 {[%emt 0:00:00]} Bf5 {[%emt 0:00:01]} 8. Bxb7 {[%emt 0:00:08]} Nbd7 {[%emt 0:00:04]} 9. Bxa8 {[%emt 0:00:04]} Qxa8 {[%emt 0:00:01]} 10. Nb3 {[%emt 0:00:01]} Qxh1+ {[%emt 0:00:03]} 11. Kd2 {[%emt 0:00:02]} Qxd1+ {[%emt 0:00:01]} 12. Kxd1 {[%emt 0:00:00]} Bb6 {[%emt 0:00:02]} 13. Nc3 {[%emt 0:00:01]} Bxh3 {[%emt 0:00:01]} 14. a4 {[%emt 0:00:02]} Be6 {[%emt 0:00:01]} 15. a5 {[%emt 0:00:01]} Bc5 {[%emt 0:00:02]} 16. Nb5 {[%emt 0:00:02]} a6 {[%emt 0:00:05]} 17. Nxc7+ {[%emt 0:00:02]} Kd8 {[%emt 0:00:01]} 18. Nxa6 {[%emt 0:00:01]} Kc8 {[%emt 0:00:04]} 19. Naxc5 {[%emt 0:00:05]} dxc5 {[%emt 0:00:02]} 20. a6 {[%emt 0:00:02]} Bxb3 {[%emt 0:00:00]} 21. cxb3 {[%emt 0:00:01]} Kb8 {[%emt 0:00:01]} 22. Bd2 {[%emt 0:00:01]} Ka7 {[%emt 0:00:01]} 23. Bc3 {[%emt 0:00:02]} Ne8 {[%emt 0:00:02]} 24. Ke2 {[%emt 0:00:03]} Nd6 {[%emt 0:00:00]} 25. Kf3 {[%emt 0:00:02]} Nb5 {[%emt 0:00:00]} 26. Ke4 {[%emt 0:00:02]} Nxc3+ {[%emt 0:00:00]} 27. bxc3 {[%emt 0:00:01]} f6 {[%emt 0:00:01]} 28. Kd5 {[%emt 0:00:01]} Rd8 {[%emt 0:00:00]} 29. Kc6 {[%emt 0:00:01]} Nb8+ {[%emt 0:00:01]} 30. Kc7 {[%emt 0:00:01]} Rd7+ {[%emt 0:00:01]} 31. Kc8 {[%emt 0:00:02]} Kb6 {[%emt 0:00:04]} 32. a7 {[%emt 0:00:01]} Nc6 {[%emt 0:00:02]} 33. a8=Q {[%emt 0:00:01]} Rd8# {[%emt 0:00:00] (Lag: Av=0.60s, max=0.8s) (Lag: Av=0.60s, max=0.8s) (Lag: Av=0.60s, max=0.8s)} 0-1

[Event "401 Stay Safe Play From Home series"]
[Site "Emanuel Lasker Arena"]
[Date "2020.08.21"]
[Round "6"]
[White "Buzaglo"]
[Black "Hickey"]
[Result "0-1"]
[WhiteElo "1864"]
[BlackElo "2238"]
[Annotator "TA"]
[PlyCount "118"]
[EventDate "2020.08.21"]
[EventType "swiss (blitz)"]

{[%evp 9,117,4,37,-24,-17,-27,-14,-16,-14,-8,-6,-8,-10,-14,0,-29,-9,-136,-129,-196,-164,-170,-148,-150,-83,-137,-101,-133,-100,-217,-147,-154,-151,-154,-131,-234,-227,-402,-240,-262,-247,-233,-152,-152,-127,-332,-277,-307,-271,-282,-239,-313,-313,-328,-245,-395,-382,-418,-404,-431,-279,-592,-524,-778,-812,-6270,-5276,-5135,-1445,-4110,-3110,-3132,-2795,-6532,-680,-680,-680,-664,-662,-629,-547,-674,-644,-1240,-1212,-6270,-6034,-4315,-659,-2212,-1531,-6528,-2004,-5531,-1807,-29983,-29980,-29984,-631,-29990,-29990,-29990,-29991,-29992,-29993,-29993,-29994,-29995,-29995,-29999]} 1. d4 Nf6 2. Nf3 e6 3. g3 b6 4. Bg2 Bb7 5. O-O c5 {[#]} 6. Ne5 $146 {A47: 1 d4 Nf6 2 Nf3 b6: Torre, London and Colle Systems.} (6. c4 $14) ({Predecessor:} 6. dxc5 Bxc5 7. c4 d5 8. Nh4 Qc8 9. cxd5 Bxd5 10. Bxd5 Nxd5 11. e4 Ne7 12. b4 Bxb4 13. Qd4 Qc5 14. Qxg7 {½-½ (62) Naiditsch,A (2702)-Akobian,V (2633) Caleta 2017}) 6... Bxg2 $11 7. Kxg2 d6 8. Nf3 $1 {The position is equal.} Be7 9. dxc5 bxc5 10. c4 O-O 11. Nc3 Nc6 12. Re1 Rb8 13. Bf4 (13. b3 $11 {remains equal.}) 13... Rxb2 $17 14. Na4 (14. e4 $17) 14... Rb7 15. Rb1 Rxb1 16. Qxb1 e5 (16... Qd7 $142 17. Nc3 h6) 17. Bd2 ({Better is} 17. Bg5) 17... Nd4 18. Nxd4 exd4 19. Bf4 (19. e3 $17) 19... Nd7 20. Nb2 Nb6 21. Qc2 Bf6 22. Nd3 (22. a4 $17) 22... Re8 23. e3 $2 {[#]} (23. Kg1) 23... dxe3 (23... g5 $142 24. exd4 gxf4 25. dxc5 Rxe1 26. Nxe1 dxc5) 24. Rxe3 Rxe3 25. Bxe3 Qc7 26. Nf4 Qc6+ 27. Nd5 $2 {Now White is beyond hope.} (27. Kg1 $17) 27... Nxd5 $19 28. cxd5 Qxd5+ 29. Kg1 g6 30. Bh6 Bg7 31. Bf4 h6 32. Qe2 (32. Qb3 {keeps fighting.} Qxb3 33. axb3) 32... Kh7 33. h4 c4 {[%cal Bc5c4,Bc4c3][%mdl 32]} 34. Qc2 Qd3 35. Qc1 $2 (35. Qxd3 {nothing else works.} cxd3 36. Kf1) 35... c3 36. Kg2 d5 37. Be3 d4 38. Bf4 Qc4 (38... Qe2 $142 39. Kg1 d3) 39. Qc2 d3 40. Qc1 Qe4+ 41. Kh2 d2 (41... Qe2 $142 42. Qe3 Qxe3 43. Bxe3 d2) 42. Bxd2 cxd2 43. Qxd2 Qd4 44. Qe2 a5 45. Kg2 Qd5+ 46. Kh2 a4 47. Kh3 a3 48. Kh2 Qf5 49. Qd2 Qf6 50. Qe2 Qb2 51. Qf3 f5 52. Qd3 Qxa2 53. Kh3 Qe6 (53... Qb2 $142 54. g4 fxg4+ 55. Kg2 a2 56. h5 Qb7+ 57. f3 a1=Q 58. Qxg6+ Kg8 59. Qe6+ Qf7 60. Qc8+ Bf8 61. Qxg4+ Kh8 62. Kh2 Qfa2+ 63. Qg2 {[#]} Qf1 $1 {[%mdl 512]} 64. Qb2+ Qxb2+ 65. Kg3 Qe5+ {[%mdl 64] Double Attack} 66. Kh4 Qg5#) 54. Kg2 Qe4+ {Black mates.} 55. Qxe4 fxe4 56. g4 a2 57. g5 a1=Q 58. Kg3 Qd1 59. Kf4 Qf3# {Accuracy: White = 21%, Black = 55%.} 0-1

[Event "401 Stay Safe Play From Home series"]
[Site "Emanuel Lasker Arena"]
[Date "2020.08.21"]
[Round "6"]
[White "Klasman"]
[Black "Trotsky"]
[Result "0-1"]
[WhiteElo "1336"]
[BlackElo "1585"]
[Annotator "NA RC"]
[PlyCount "42"]
[EventDate "2020.08.21"]
[EventType "swiss (blitz)"]

1. f4 {[%emt 0:00:03]} d5 {[%emt 0:00:01]} 2. c4 {[%emt 0:00:01]} e6 {[%emt 0:00:00]} 3. d4 {[%emt 0:00:02]} c5 {[%emt 0:00:01]} 4. e3 {[%emt 0:00:02]} Nc6 {[%emt 0:00:01]} 5. cxd5 {[%emt 0:00:02]} exd5 {[%emt 0:00:01]} 6. Bb5 {[%emt 0:00:01]} Be6 {[%emt 0:00:02]} 7. Nf3 {[%emt 0:00:02]} Qc7 {[%emt 0:00:01]} 8. Nc3 {[%emt 0:00:05]} Bd6 {[%emt 0:00:01]} 9. Ne5 {[%emt 0:00:02]} Nf6 {[%emt 0:00:02]} 10. O-O {[%emt 0:00:07]} c4 {[%emt 0:00:01]} 11. Bxc6+ {[%emt 0:00:02]} bxc6 {[%emt 0:00:01]} 12. Ne2 {[%emt 0:00:03]} h5 {[%emt 0:00:01]} 13. Ng3 {[%emt 0:00:01]} g5 {[%emt 0:00:01]} 14. fxg5 {[%emt 0:00:03]} Ng4 {[%emt 0:00:02]} 15. h3 {[%emt 0:00:02]} O-O-O {[%emt 0:00:01]} 16. hxg4 {[%emt 0:00:02]} hxg4 {[%emt 0:00:00]} 17. Nxf7 {[%emt 0:00:03]} Bxg3 {[%emt 0:00:03]} 18. Nxd8 {[%emt 0:00:05]} Bh2+ {[%emt 0:00:02]} 19. Kf2 {[%emt 0:00:04]} Qg3+ {[%emt 0:00:01]} 20. Ke2 {[%emt 0:00:02]} Rxd8 {[%emt 0:00:02]} 21. Kd2 {[%emt 0:00:03]} Qxg2+ {[%emt 0:00:01] Time Time Time (Lag: Av=0.32s, max=0.4s) (Lag: Av=0.32s, max=0.4s) (Lag: Av=0.32s, max=0.4s) . . .} 0-1

[Event "401 Stay Safe Play From Home series"]
[Site "Emanuel Lasker Arena"]
[Date "2020.08.21"]
[Round "7"]
[White "NTBT_DHS"]
[Black "AChessPlayer"]
[Result "1/2-1/2"]
[WhiteElo "2499"]
[BlackElo "2443"]
[Annotator "TA"]
[PlyCount "152"]
[EventDate "2020.08.21"]
[EventType "swiss (blitz)"]

{[%evp 9,152,0,0,-5,161,164,163,178,166,169,171,174,170,168,170,129,196,183,197,194,189,191,238,245,260,243,275,197,268,266,297,293,289,284,282,274,294,293,329,302,331,294,362,336,331,340,333,331,400,403,393,393,462,430,459,458,454,451,455,451,447,435,486,475,472,474,589,388,516,516,515,485,510,466,5657,9837,1591,229,229,229,818,164,11211,5573,4562,4375,571,480,29967,29968,29971,29967,29982,29971,29979,29980,29984,29984,29984,29985,29985,29985,29985,29986,29988,29989,29989,29990,29991,120,120,0,29991,29992,29992,29993,29993,29994,29994,29993,29995,29994,29994,29995,29996,29995,29995,29996,29996,29996,29996,29997,29997,29996,29996,29996,29997,29994,29997,29997,29997,29997,29997,29997,29997]} 1. d4 Nf6 2. Nc3 g6 3. Bg5 d5 4. f3 Bg7 5. e4 dxe4 6. fxe4 {D01: Veresov Opening.} e5 $2 {[#]} (6... c5 $11 {and Black is okay.}) 7. dxe5 $146 ({Predecessor:} 7. Qf3 h6 8. O-O-O exd4 9. Bxf6 Qxf6 10. Qxf6 Bxf6 11. Nd5 Bd8 12. Rxd4 c6 13. Nf4 {½-½ (27) Jesus Filho,J (2075)-Da Costa,A Vitoria 2001}) 7... Qxd1+ 8. Rxd1 {White is clearly better.} ({Don't play} 8. Kxd1 $6 Ng4 $14) 8... Nfd7 {[#]} 9. Nd5 $1 {[%cal Rd5c7]} Bxe5 10. Nf3 $40 {[%mdl 128] White is out for blood.} c6 11. Nxe5 cxd5 12. Rxd5 {Threatens to win with Bb5.} f6 (12... h6 $16 {might work better.}) 13. Nxd7 Nxd7 14. Bh4 O-O 15. Bb5 Nb6 16. Rd6 Bg4 17. O-O g5 18. Bg3 Rad8 (18... Rac8 {was necessary.} 19. h3 (19. Rdxf6 Rxf6 20. Rxf6 Rxc2 $16) 19... Bh5) 19. Rfxf6 Rxf6 20. Rxd8+ Rf8 21. Rxf8+ Kxf8 {[%mdl 4096] Endgame KBB-KBN} 22. h3 Be6 23. b3 a6 24. Bd3 Nd7 25. Kf2 h6 26. Ke3 Ke7 27. c4 Nc5 28. Bc2 a5 29. a3 Na6 30. Kd4 Kd7 31. Be5 b6 32. Bg7 h5 33. Bd1 g4 34. hxg4 hxg4 35. Bf8 Nb8 36. Ke3 Nc6 37. Kf4 Nd4 38. b4 axb4 39. axb4 Bxc4 {With the idea ...Ne6+.} 40. Bxg4+ Be6 41. Bd1 Kc6 (41... Nc6 $142 42. g4 Ke8) 42. Ke5 Bb3 43. Kxd4 $2 (43. Bxb3 Nxb3 44. g4) 43... Bxd1 {[#] KB-KB} 44. Ke5 $1 Kd7 $2 (44... Be2 45. Bh6 Bg4) 45. Kf5 b5 $2 (45... Bb3 46. Kf6 Be6) 46. g4 (46. Bc5 $142 Ke8 47. e5) 46... Ke8 47. Bc5 Kf7 48. g5 Bb3 (48... Bh5 $18 49. Bb6 Bg6+ 50. Ke5 Ke7) 49. g6+ Kg7 50. Kg5 Kg8 51. Bd4 Bc2 52. e5 Bb3 53. Kf6 Bd5 54. e6 Bc6 55. e7 Be8 56. g7 Bd7 57. Ke5 Be8 58. Kd6 Kf7 59. Bc5 $2 (59. Kc7 {mates} Bc6 60. Kd8 Ke6 61. e8=Q+ {[%mdl 64] Promotion} Bxe8 62. g8=Q+ {[%mdl 64] Double Attack} Kf5 63. Qxe8 Kg4 64. Qe4+ Kg3 65. Qf5 Kg2 66. Qg4+ Kh2 67. Ke8 Kh1 68. Qh3#) 59... Kg8 60. Bd4 $2 {[%mdl 8192]} (60. Be3 $16 Kxg7 61. Bf4) 60... Kf7 {Black is now going downhill.} 61. Kc7 {White mates.} Kg8 62. Kd8 Kf7 {[#]} 63. g8=Q+ $1 {[%mdl 64] Deflection, Promotion} Kxg8 64. Kxe8 {KB-KP} Kh7 65. Kd7 Kg6 66. e8=Q+ Kg5 67. Qe5+ Kg4 68. Qf6 Kg3 69. Be3 Kg2 70. Qf4 Kh3 71. Qf2 Kg4 72. Qe2+ Kf5 73. Qxb5+ Kf6 74. Qc5 Kg7 75. b5 Kg8 76. Qd6 Kh8 {[%mdl 32768] Accuracy: White = 85%, Black = 47%. . An unexpected result.} 1/2-1/2

[Event "401 Stay Safe Play From Home series"]
[Site "Emanuel Lasker Arena"]
[Date "2020.08.21"]
[Round "7"]
[White "IceQueen"]
[Black "Buzaglo"]
[Result "1-0"]
[WhiteElo "2415"]
[BlackElo "1860"]
[Annotator "TA"]
[PlyCount "75"]
[EventDate "2020.08.21"]
[EventType "swiss (blitz)"]

{[%evp 11,74,136,145,81,99,70,77,58,110,114,124,116,125,130,150,134,218,226,263,264,274,262,364,356,350,349,453,445,545,552,552,538,1326,1027,29990,29979,29987,29986,29986,29987,29976,29972,29972,7034,29991,29992,29992,29993,29994,29994,29994,29994,29994,29995,29995,29996,29996,29996,29996,29997,29997,29997,29998,29999,29999]} 1. Nf3 e6 2. Nc3 d5 3. e4 Nf6 4. d3 dxe4 5. dxe4 c5 6. Qxd8+ Kxd8 {[#]} 7. e5 $146 {B53: Sicilian: 2...d6: Lines with Qxd4.} ({White should try} 7. Bf4) ({Predecessor:} 7. Ne5 Ke8 8. Nb5 Na6 9. f3 Ke7 10. Be3 Nd7 11. Nxd7 Bxd7 12. O-O-O b6 13. Be2 Bc6 14. Rd2 g6 {1-0 (61) Nazario,M (2139)-Bersamina,P (2337) San Antonio 2014}) 7... Nfd7 8. Bg5+ Be7 $1 9. O-O-O {White is better.} Bxg5+ {White stays focused until the end.} (9... h6 $14 10. Bf4 Nc6) 10. Nxg5 $16 Ke7 11. f4 h6 12. Nge4 $36 {[%mdl 2048] White is really pushing.} Nc6 13. Bb5 Nb6 (13... Na5 $16 14. Rd2 a6) 14. Nxc5 $18 Nd5 15. Nxd5+ exd5 16. Rxd5 Be6 17. Nxe6 fxe6 18. Rd6 Rac8 19. Rhd1 {[#] Strongly threatening Rd7+.} Rhe8 20. Rd7+ Kf8 21. Rxb7 Nd4 22. Rxd4 Rc5 23. Rdd7 Rec8 24. Rf7+ Kg8 25. Rxg7+ Kh8 26. Rh7+ Kg8 27. Bd3 {[#] White threatens f5 and mate.} R5c7 28. Rbxc7 {White mates.} Rxc7 29. Rxc7 Kf8 30. Rxa7 h5 31. a4 h4 32. a5 h3 33. g3 Ke8 34. Rb7 Kd8 35. Be4 Kc8 36. a6 Kd8 37. a7 {[%cal Ra7a8]} Kc8 38. a8=Q# {Accuracy: White = 66%, Black = 32%.} 1-0

[Event "401 Stay Safe Play From Home series"]
[Site "Emanuel Lasker Arena"]
[Date "2020.08.21"]
[Round "7"]
[White "Lamborghini"]
[Black "Schachwerk_64"]
[Result "1-0"]
[WhiteElo "2259"]
[BlackElo "1905"]
[Annotator "NA RC"]
[PlyCount "89"]
[EventDate "2020.08.21"]
[EventType "swiss (blitz)"]

1. e4 {[%emt 0:00:01]} Nc6 {[%emt 0:00:02]} 2. d4 {[%emt 0:00:01]} d5 {[%emt 0:00:02]} 3. Nc3 {[%emt 0:00:03]} e6 {[%emt 0:00:04]} 4. Nf3 {[%emt 0:00:02]} Nf6 {[%emt 0:00:01]} 5. Bd3 {[%emt 0:00:01]} Bb4 {[%emt 0:00:04]} 6. e5 {[%emt 0:00:01]} Nd7 {[%emt 0:00:02]} 7. O-O {[%emt 0:00:01]} f6 {[%emt 0:00:01]} 8. Bf4 {[%emt 0:00:05]} O-O {[%emt 0:00:01]} 9. exf6 {[%emt 0:00:01]} Nxf6 {[%emt 0:00:01]} 10. Bg3 {[%emt 0:00:01]} Re8 {[%emt 0:00:03]} 11. Ne5 {[%emt 0:00:02]} Nxe5 {[%emt 0:00:01]} 12. Bxe5 {[%emt 0:00:01]} Bd6 {[%emt 0:00:01]} 13. Re1 {[%emt 0:00:01]} c5 {[%emt 0:00:03]} 14. dxc5 {[%emt 0:00:01]} Bxc5 {[%emt 0:00:01]} 15. Qf3 {[%emt 0:00:01]} Rf8 {[%emt 0:00:02]} 16. Qg3 {[%emt 0:00:01]} Qe7 {[%emt 0:00:06]} 17. Na4 {[%emt 0:00:03]} Bxf2+ {[%emt 0:00:05]} 18. Qxf2 {[%emt 0:00:02]} Ng4 {[%emt 0:00:01]} 19. Qg3 {[%emt 0:00:02]} Nxe5 {[%emt 0:00:02]} 20. Qxe5 {[%emt 0:00:02]} Rf6 {[%emt 0:00:01]} 21. Nc3 {[%emt 0:00:02]} Bd7 {[%emt 0:00:01]} 22. Nxd5 {[%emt 0:00:01]} Qc5+ {[%emt 0:00:02]} 23. Kh1 {[%emt 0:00:04]} Qxd5 {[%emt 0:00:01]} 24. Qxd5 {[%emt 0:00:01]} exd5 {[%emt 0:00:00]} 25. h3 {[%emt 0:00:01]} Bf5 {[%emt 0:00:01]} 26. Rf1 {[%emt 0:00:02]} Bxd3 {[%emt 0:00:01]} 27. Rxf6 {[%emt 0:00:00]} gxf6 {[%emt 0:00:00]} 28. cxd3 {[%emt 0:00:00]} Re8 {[%emt 0:00:01]} 29. Rc1 {[%emt 0:00:02]} Re2 {[%emt 0:00:00]} 30. Rc8+ {[%emt 0:00:01]} Kg7 {[%emt 0:00:02]} 31. Rc7+ {[%emt 0:00:00]} Kg6 {[%emt 0:00:00]} 32. Rxb7 {[%emt 0:00:00]} Rd2 {[%emt 0:00:01]} 33. a4 {[%emt 0:00:01]} Rxb2 {[%emt 0:00:00]} 34. Rxb2 {[%emt 0:00:01]} Kf5 {[%emt 0:00:00]} 35. Rb5 {[%emt 0:00:00]} Ke5 {[%emt 0:00:00]} 36. Ra5 {[%emt 0:00:01]} Kd4 {[%emt 0:00:01]} 37. Rxa7 {[%emt 0:00:00]} Kxd3 {[%emt 0:00:00]} 38. Rd7 {[%emt 0:00:01]} Kc4 {[%emt 0:00:00]} 39. a5 {[%emt 0:00:00]} Kc5 {[%emt 0:00:00]} 40. a6 {[%emt 0:00:00]} Kb6 {[%emt 0:00:00]} 41. a7 {[%emt 0:00:01]} d4 {[%emt 0:00:00]} 42. a8=Q {[%emt 0:00:00]} d3 {[%emt 0:00:01]} 43. Qd5 {[%emt 0:00:00]} d2 {[%emt 0:00:01]} 44. Rb7+ {[%emt 0:00:00]} Ka6 {[%emt 0:00:01]} 45. Qb5# {[%emt 0:00:00] (Lag: Av=0.42s, max=0.7s) (Lag: Av=0.42s, max=0.7s) (Lag: Av=0.42s, max=0.7s)} 1-0

[Event "401 Stay Safe Play From Home series"]
[Site "Emanuel Lasker Arena"]
[Date "2020.08.21"]
[Round "7"]
[White "Hickey"]
[Black "MihailoVujic"]
[Result "1-0"]
[WhiteElo "2242"]
[BlackElo "2297"]
[Annotator "TA"]
[PlyCount "91"]
[EventDate "2020.08.21"]
[EventType "swiss (blitz)"]

{[%evp 9,90,-111,-8,-13,-8,-22,-7,-12,0,0,9,4,30,0,25,15,19,15,11,20,552,529,970,387,628,628,742,758,753,732,725,719,692,648,752,775,816,812,783,517,607,614,645,479,470,409,581,476,467,480,459,444,457,433,457,429,444,444,444,440,429,426,679,678,717,711,1014,980,29992,29993,29998,29991,29996,29997,29997,29998,29998,29998,29998,29998,29998,29999,29999]} 1. Nf3 Nc6 2. b3 e5 3. Bb2 e4 4. Ng1 d5 {[#]} 5. d3 $146 {[#]} ({Predecessor:} 5. e3 Nf6 6. h3 a6 7. d3 Bf5 8. dxe4 Nxe4 9. a3 Be7 10. Nf3 Bf6 11. Qc1 d4 {0-1 (25) Cabilin,J (1850)-Wan,K (1934) Cammeray 2015}) 5... exd3 ({Better is} 5... e3 $1 $17 {[%mdl 512] aiming for ...exf2+.} 6. fxe3 Nf6) 6. cxd3 $11 {A01: Nimzowitsch-Larsen Opening.} Nf6 7. Nf3 Bc5 8. g3 {The position is equal.} Bg4 9. Bg2 Qd7 10. O-O Bh3 11. e3 Bxg2 12. Kxg2 O-O-O 13. Nbd2 h5 14. Rc1 g5 $2 {[%mdl 8192]} (14... Be7 $11 {and Black is okay.}) 15. Rxc5 $18 h4 16. Rh1 $2 (16. Bxf6 Qd6 17. Bxd8 Qxc5 18. Bxg5) 16... Ng4 $2 (16... Rh6 17. Nxg5 Rg8) 17. h3 Nh6 18. Bxh8 Rxh8 19. Qa1 Rg8 20. g4 f5 21. gxf5 g4 22. hxg4 Nxg4 23. Kf1 Qxf5 24. Rg1 Qxd3+ 25. Ke1 h3 26. Qc3 Qf5 27. Qc2 Qe6 (27... Qf7 $142 28. Rxc6 bxc6 29. Qxc6 h2) 28. Rg3 h2 {[#]} 29. Nxh2 $1 Nxh2 30. Rxg8+ {[%mdl 64] Overworked Piece} Qxg8 31. Qf5+ {[%mdl 64] Double Attack} Kb8 32. Qxd5 Qg1+ 33. Ke2 {Black must now prevent Rc4.} Qg4+ 34. Nf3 Nxf3 35. Qxf3 {[%mdl 4096] Endgame KQR-KQN} Qd7 (35... Qg7 $142 36. Rh5 a6) 36. Qf8+ Nd8 37. Rc2 Qb5+ 38. Ke1 {[%cal Rf8d8]} Qb4+ 39. Qxb4 {White mates.} Nc6 40. Qd2 b6 41. Qd7 Kb7 42. Qxc6+ Ka6 43. Qxc7 Ka5 44. Rc4 a6 45. Ra4+ Kb5 46. Qc4# {White took control after the opening. Accuracy: White = 85%, Black = 38%.} 1-0